000 00235nam a2200109Ia 4500
999 _c8644
_d8644
020 _a978-81-317-9539-2
100 _aFrank Wood
245 0 _aBusiness Accounting I
260 _aNew York
_bAddision
_c2002
300 _a593
942 _cBK